| 000 | 00687na a2200241 4500 | ||
|---|---|---|---|
| 001 | 19930 | ||
| 003 | MIRAKIL | ||
| 005 | 20181213155103.0 | ||
| 008 | 161228b tu 000 0 | ||
| 020 | _a9280631284 | ||
| 040 |
_aMilas _btur _cTR-AnCHP |
||
| 041 | _atur | ||
| 082 |
_a362 _bU48 1994 |
||
| 090 | _a362 U48 1994 | ||
| 245 |
_aUlusların gelişmesi 1994 _cUNICEF; yayına hazırlayan Lesley Adamson |
||
| 260 |
_aNew York _bUNICEF _c1994 |
||
| 300 |
_a54 s. _bres.; tbl.; grf. _c30 sm. |
||
| 610 |
_aUNICEF _xRaporlar _zTürkiye |
||
| 650 |
_aToplumsal refah _xUluslar |
||
| 700 | _aAdamson, Lesley | ||
| 710 | _aUnited Nations Children's Fund (UNICEF) | ||
| 942 |
_2dcc _cBKS |
||
| 999 |
_c6299 _d6299 |
||